| 000 | 00861nam a22002537a 4500 | ||
|---|---|---|---|
| 999 |
_c6888 _d6888 |
||
| 003 | AR-CdUCM | ||
| 008 | 190319b ||||| |||| 00| 0 spa d | ||
| 040 |
_aMUNICIPALIDAD PROVINCIAL DEL CUSCO _cBIBLIOTECA MUNICIPAL DEL CUSCO |
||
| 041 | _hrus | ||
| 082 |
_a531 / _bL23 |
||
| 100 |
_aLandau, L _919409 |
||
| 245 | _aMecanica y Electrodinamica / | ||
| 260 |
_aMoscu : _bMir. Moscu, _c1971. |
||
| 300 |
_a269 paginas ; _bCuadros, ilustraciones, dibujos, _c22cm. |
||
| 505 | _aContenido: Mecanica -- leyes de conservacion -- movimiento -- choques de particulas -- oscilaciones pequeñas -- solido... | ||
| 650 |
_aMecanica _919257 |
||
| 650 |
_aElectrodinamica _919410 |
||
| 650 |
_aEcuaciones _919076 |
||
| 650 |
_aOscilaciones _919411 |
||
| 700 |
_aMolina Garcia, Antonio _919412 |
||
| 700 |
_aLifshitz, E. _919413 |
||
| 942 |
_2ddc _cLIBROS |
||
| 945 | _apjha | ||